| 000 | 00969nam a2200229Ia 4500 | ||
|---|---|---|---|
| 001 | L232-6576 | ||
| 003 | IT-CnALBA | ||
| 008 | 170116s9999||||xx |||||||||||||| ||und|| | ||
| 040 |
_aIT-CnALBA _cIT-CnALBA |
||
| 041 | _aITALIANO | ||
| 100 | _aEVELY LOUIS | ||
| 245 | 0 | _aPADRE NOSTRO. | |
| 250 | _a5a ed. | ||
| 260 |
_a MILANO BOLOGNA _bANCORA EDITRICE _c1969 [1° Ed.:1958] |
||
| 300 | _a146 p. (prefazione: 56) | ||
| 500 | _aPADRE NOSTRO. REGNO DEI CIELI. SANTIFICAZIONE DEL NOME. REGNO E VOLONTÀ DEL PADRE. PANE PERDONO TENTAZIONE. EUCARESTIA. DOPPIONE. CONFRONTA DOCUMENTO 15290. | ||
| 501 | _aSocietà San Paolo EM - Piazza San Paolo, 14 - 12051 ALBA (CN) (non commercial uses only) ® Copyright 2017 | ||
| 520 | _aPADRE NOSTRO. REGNO DEI CIELI. SANTIFICAZIONE DEL NOME. REGNO E VOLONTÀ DEL PADRE. PANE PERDONO TENTAZIONE. EUCARESTIA. DOPPIONE. CONFRONTA DOCUMENTO 15290. | ||
| 650 | _aVITA E MISTERO DI CRISTO | ||
| 942 | _cBK | ||
| 957 | _71 | ||
| 999 |
_a7552 _bNO _g Copie: 1 _c265758 _d265758 |
||